000 01662cam a2200133 4500500
005 20260405064149.0
041 _afre
042 _adc
100 1 0 _aCorcuff, Philippe
_eauthor
245 0 0 _aLes grands penseurs de la politique : Trajets critiques en philosophie politique
260 _bArmand Colin,
_c2005.
520 _a2e édition refondue À quelles entraves la quête de bonheur des groupes et des individus s'est-elle heurtée au cours de l'histoire ? Un monde plus juste est-il possible ? Comment organiser plus démocratiquement la vie des cités humaines ? Les grands penseurs de la politique, de Platon aux contemporaines, nous fournissent de très utiles repères. Face à l'épuisement des pensées du consensus et à l'émergence de nouvelles forces critiques (altermondialisme, etc.), relire la tradition occidentale, éclairer les débats contemporains, nouer un dialogue fécond entre pensées politiques et sociologies critiques s'impose comme une tâche essentielle; Ce petit livre d'introduction à la philosophie politique ouvre le sillon. À la fois solide, d'emprise globale et non-conformiste, il s'adresse aux étudiants des IEP, des autres cursus de science politique, de droit, d'AES et de philosophie, comme à tout le public citoyen. Philippe Corcuff est maître de conférences en science politique à Sciences Po Lyon. Anthropologies et philosophes politiques : de « la nature humaine » à la cité. Domination et justice. La philosophie politique, entre fondements et déconstruction.
856 4 1 _uhttps://shs.cairn.info/les-grands-penseurs-de-la-politique--9782200342838?lang=fr&redirect-ssocas=7080
999 _c2185918
_d2185918